[Event "HUN-ch Rapid"]
[Site "Ajka"]
[Date "2022.07.17"]
[Round "11"]
[White "Balint, Vilmos"]
[Black "Csiszar, Csaba"]
[Result "0-1"]
[WhiteElo "2283"]
[BlackElo "2389"]
[PlyCount "70"]
[EventDate "2022.07.15"]
[EventType "swiss (rapid)"]
[EventRounds "13"]
[EventCountry "HUN"]
[SourceTitle "CBM 209 Extra"]
[Source "ChessBase"]
[SourceDate "2022.09.30"]
[SourceVersion "1"]
[SourceVersionDate "2022.09.30"]
[SourceQuality "1"]

1. e4 c5 2. Nf3 Nc6 3. d4 cxd4 4. Nxd4 e5 5. Nb5 d6 6. c4 Be7 7. Bd3 Nf6 8. 0-0 0-0 9. h3 Be6 10. Be3 Ne8 11. Nd2 Bg5 12. Rc1 Bxe3 13. fxe3 a6 14. Nc3 Qb6 15. Rf3 Qxb2 16. Nd5 Qa3 17. Nb3 Bxd5 18. exd5 Na5 19. Rb1 Qxa2 20. Nxa5 Qxa5 21. Rxb7 Rc8 22. Qb1 Nf6 23. Rxf6 gxf6 24. Qf1 Kg7 25. Kh2 e4 26. Bxe4 Qc3 27. Re7 Qxe3 28. Qf5 Qh6 29. Qd7 Qf4+ 30. g3 Qd2+ 31. Bg2 Rxc4 32. Qf5 Rc2 33. Qg4+ Kh8 34. Qf3 Qf2 35. Qe4 f5 0-1

[Event "HUN-ch Rapid"]
[Site "Ajka"]
[Date "2022.07.16"]
[Round "5"]
[White "Molnar, Aurel Jr"]
[Black "Csiszar, Csaba"]
[Result "0-1"]
[WhiteElo "2014"]
[BlackElo "2389"]
[PlyCount "66"]
[EventDate "2022.07.15"]
[EventType "swiss (rapid)"]
[EventRounds "13"]
[EventCountry "HUN"]
[SourceTitle "CBM 209 Extra"]
[Source "ChessBase"]
[SourceDate "2022.09.30"]
[SourceVersion "1"]
[SourceVersionDate "2022.09.30"]
[SourceQuality "1"]

1. e4 c5 2. Nf3 Nc6 3. d4 cxd4 4. Nxd4 e5 5. Nb5 d6 6. N1c3 a6 7. Na3 b5 8. Nd5 Nge7 9. c4 Nxd5 10. exd5 Nd4 11. cxb5 g6 12. Be3 Bg7 13. Bd3 0-0 14. 0-0 Nf5 15. Bxf5 Bxf5 16. b6 Bd7 17. Rc1 f5 18. f3 f4 19. Bf2 e4 20. Bd4 exf3 21. Rxf3 Bg4 22. Rc7 Bf6 23. Nc4 Bxf3 24. gxf3 Re8 25. Qd2 Bxd4+ 26. Qxd4 Re1+ 27. Kg2 Qg5+ 28. Kh3 Qh6+ 29. Kg2 Rae8 30. b7 R8e2+ 31. Qf2 Rxf2+ 32. Kxf2 Qh4+ 33. Kg2 Re2+ 0-1

[Event "HUN-ch Rapid"]
[Site "Ajka"]
[Date "2022.07.15"]
[Round "2"]
[White "Csiszar, Csaba"]
[Black "Gaal, Zsoka"]
[Result "1-0"]
[WhiteElo "2389"]
[BlackElo "2313"]
[PlyCount "75"]
[EventDate "2022.07.15"]
[EventType "swiss (rapid)"]
[EventRounds "13"]
[EventCountry "HUN"]
[SourceTitle "CBM 209 Extra"]
[Source "ChessBase"]
[SourceDate "2022.09.30"]
[SourceVersion "1"]
[SourceVersionDate "2022.09.30"]
[SourceQuality "1"]

1. d4 Nf6 2. Nf3 g6 3. c4 Bg7 4. Nc3 0-0 5. Bf4 d6 6. e3 Nfd7 7. Be2 e5 8. Bg5 f6 9. Bh4 Nc6 10. h3 Ne7 11. e4 Kh8 12. 0-0 g5 13. Bg3 Ng6 14. Re1 Nf4 15. Bf1 Rg8 16. Nd5 Nf8 17. Ne3 N8g6 18. Qc2 Be6 19. Rad1 Qe7 20. d5 Bd7 21. Nf5 Qf7 22. c5 Bxf5 23. exf5 Ne7 24. Bh2 Bh6 25. g4 Bf8 26. cxd6 cxd6 27. Qc7 Nfxd5 28. Qxb7 Nb6 29. Rxd6 Bg7 30. Re6 Rge8 31. Nxe5 fxe5 32. Bxe5 Nbd5 33. Bc4 Bxe5 34. R1xe5 Rab8 35. Qxa7 Ra8 36. Qd4 Rad8 37. Rxd5+ Kg8 38. Rxd8 1-0

[Event "HUN-ch Rapid"]
[Site "Ajka"]
[Date "2022.07.15"]
[Round "3"]
[White "Horvath, Kristof"]
[Black "Csiszar, Csaba"]
[Result "1/2-1/2"]
[WhiteElo "2053"]
[BlackElo "2389"]
[PlyCount "151"]
[EventDate "2022.07.15"]
[EventType "swiss (rapid)"]
[EventRounds "13"]
[EventCountry "HUN"]
[SourceTitle "CBM 209 Extra"]
[Source "ChessBase"]
[SourceDate "2022.09.30"]
[SourceVersion "1"]
[SourceVersionDate "2022.09.30"]
[SourceQuality "1"]

1. e4 c5 2. c3 Nf6 3. e5 Nd5 4. d4 cxd4 5. Qxd4 Nb6 6. Nf3 Nc6 7. Qe4 g6 8. Bd3 Bg7 9. 0-0 0-0 10. Bf4 d5 11. exd6 exd6 12. Qe2 Bg4 13. h3 Re8 14. Be3 Bd7 15. Qd2 Ne5 16. Nxe5 dxe5 17. Na3 Qc7 18. Rad1 Rad8 19. Qc2 a6 20. c4 Be6 21. Qb3 Nd7 22. Be4 b6 23. Bd5 Nc5 24. Qc3 Rc8 25. b4 Nd7 26. Bxe6 Rxe6 27. Qd3 Nf6 28. c5 b5 29. Nc2 Qc6 30. Qb3 Rce8 31. Rd3 Qe4 32. Rfd1 Nh5 33. Rd6 h6 34. c6 Bf8 35. Rxe6 Rxe6 36. Rd8 Rxc6 37. Bc5 Rxc5 38. bxc5 Nf4 39. Ne3 Ne6 40. Qd5 Qb1+ 41. Kh2 Nxd8 42. Qxd8 Qc1 43. Nd5 Qxc5 44. Nf6+ Kg7 45. Ne8+ Kh8 46. Qf6+ Kg8 47. Qxa6 Be7 48. Qa8 Kh7 49. Qb7 b4 50. Nc7 Bd6 51. Ne8 e4+ 52. Nxd6 Qxd6+ 53. g3 Qe6 54. Qxb4 Qxa2 55. Kg2 e3 56. Qe1 Qxf2+ 57. Qxf2 exf2 58. Kxf2 Kg7 59. Kf3 Kf6 60. Kf4 Ke6 61. h4 f6 62. Ke4 h5 63. Kf4 Kd5 64. Kf3 Ke5 65. Ke3 Kf5 66. Kf3 g5 67. hxg5 Kxg5 68. Kf2 Kg4 69. Kg2 Kg5 70. Kf3 Kf5 71. Ke3 Kg6 72. Kf4 Kg7 73. g4 h4 74. Kf3 Kh6 75. Kg2 Kg6 76. Kh2 1/2-1/2

[Event "HUN-ch Rapid"]
[Site "Ajka"]
[Date "2021.07.18"]
[Round "10"]
[White "Csiszar, Csaba"]
[Black "Antal, Gergely"]
[Result "1/2-1/2"]
[WhiteElo "2383"]
[BlackElo "2562"]
[PlyCount "156"]
[EventDate "2021.07.16"]
[EventType "swiss (rapid)"]
[EventRounds "13"]
[EventCountry "HUN"]
[SourceTitle "CBM 203 Extra"]
[Source "ChessBase"]
[SourceDate "2021.09.30"]
[SourceVersion "1"]
[SourceVersionDate "2021.09.30"]
[SourceQuality "1"]

1. d4 Nf6 2. Nf3 g6 3. c4 Bg7 4. Nc3 d5 5. Bf4 0-0 6. Rc1 Be6 7. c5 c6 8. e3 Bg4 9. Be2 Nfd7 10. 0-0 Bxf3 11. Bxf3 e5 12. Bg3 Na6 13. Qb3 exd4 14. exd4 Bxd4 15. Qxb7 Qc8 16. Qb3 Naxc5 17. Qd1 Be5 18. Nxd5 cxd5 19. b4 Bxg3 20. hxg3 Qa6 21. bxc5 Nf6 22. Bxd5 Nxd5 23. Qxd5 Rfd8 24. Qc4 Qxc4 25. Rxc4 Rac8 26. c6 Rc7 27. Rb1 Rd6 28. Rb7 Rcxc6 29. Rxc6 Rxc6 30. Rxa7 Rc1+ 31. Kh2 h5 32. f3 Ra1 33. f4 Kg7 34. g4 hxg4 35. Kg3 Rc1 36. Kxg4 Rc3 37. g3 Rc2 38. Ra3 Kf6 39. Kf3 Rb2 40. g4 Rc2 41. Ke3 Rg2 42. Ra6+ Ke7 43. g5 Rb2 44. a3 Rb1 45. Ra4 Ke6 46. Rb4 Ra1 47. a4 Kf5 48. Kd3 Ra3+ 49. Kc2 Rh3 50. Kb2 Rh2+ 51. Ka3 Rh3+ 52. Rb3 Rh1 53. Rb4 Rh3+ 54. Ka2 Rh2+ 55. Rb2 Rh1 56. a5 Kxf4 57. Rb5 Ke4 58. a6 Rh8 59. Kb3 Ra8 60. Ra5 Kd4 61. a7 Ke4 62. Kc4 Kf4 63. Kd4 Rd8+ 64. Kc5 Kxg5 65. a8Q Rxa8 66. Rxa8 Kf4 67. Ra4+ Ke5 68. Ra1 g5 69. Re1+ Kf4 70. Rf1+ Ke3 71. Rxf7 g4 72. Rg7 Kf3 73. Kd4 g3 74. Rf7+ Ke2 75. Re7+ Kf2 76. Kd3 g2 77. Rf7+ Ke1 78. Rg7 Kf2 1/2-1/2

[Event "HUN-ch Rapid"]
[Site "Ajka"]
[Date "2021.07.18"]
[Round "11"]
[White "Kolimar, Kristof Pal"]
[Black "Csiszar, Csaba"]
[Result "0-1"]
[WhiteElo "2162"]
[BlackElo "2383"]
[PlyCount "114"]
[EventDate "2021.07.16"]
[EventType "swiss (rapid)"]
[EventRounds "13"]
[EventCountry "HUN"]
[SourceTitle "CBM 203 Extra"]
[Source "ChessBase"]
[SourceDate "2021.09.30"]
[SourceVersion "1"]
[SourceVersionDate "2021.09.30"]
[SourceQuality "1"]

1. Nf3 Nf6 2. c4 e6 3. g3 b6 4. Bg2 Ba6 5. Qc2 c6 6. 0-0 d5 7. b3 Nbd7 8. d4 Be7 9. Rd1 0-0 10. Nbd2 Rc8 11. e4 Bb7 12. Bb2 a5 13. Rac1 Re8 14. e5 Nh5 15. cxd5 cxd5 16. Qd3 g6 17. Rxc8 Bxc8 18. Rc1 Nb8 19. Qc2 Na6 20. a3 Bd7 21. Bf1 Qa8 22. Qd3 b5 23. Qe3 Ng7 24. g4 Bf8 25. Qf4 Rc8 26. Ng5 Be8 27. Bd3 Rxc1+ 28. Bxc1 Qc8 29. Bb2 Nb8 30. h4 Qc7 31. h5 Bc6 32. hxg6 fxg6 33. Qh2 h5 34. Bxg6 Qe7 35. Bf7+ Kh8 36. f4 Be8 37. Bxe8 Qxe8 38. Qe2 hxg4 39. Qxg4 Qg6 40. Qh4+ Kg8 41. Bc3 Nc6 42. Ndf3 Bxa3 43. Kf2 Be7 44. Qg4 a4 45. bxa4 bxa4 46. Bd2 a3 47. Nh4 Qd3 48. Nxe6 Qxd2+ 49. Kg3 Qd3+ 50. Nf3 Qh7 51. f5 Kh8 52. f6 Nf5+ 53. Kf2 a2 54. Nfg5 Qh4+ 55. Qxh4+ Nxh4 56. Nf7+ Kh7 57. Nfg5+ Kg6 0-1

[Event "HUN-ch Rapid"]
[Site "Ajka"]
[Date "2021.07.17"]
[Round "7"]
[White "Margl, Roland"]
[Black "Csiszar, Csaba"]
[Result "0-1"]
[WhiteElo "2293"]
[BlackElo "2383"]
[PlyCount "86"]
[EventDate "2021.07.16"]
[EventType "swiss (rapid)"]
[EventRounds "13"]
[EventCountry "HUN"]
[SourceTitle "CBM 203 Extra"]
[Source "ChessBase"]
[SourceDate "2021.09.30"]
[SourceVersion "1"]
[SourceVersionDate "2021.09.30"]
[SourceQuality "1"]

1. Nf3 Nf6 2. c4 c5 3. g3 Nc6 4. Bg2 d5 5. cxd5 Nxd5 6. d4 e6 7. 0-0 Be7 8. dxc5 0-0 9. a3 Bxc5 10. Qc2 Qe7 11. Rd1 Bd7 12. e4 Nb6 13. b4 Bd6 14. Be3 Rfd8 15. Nbd2 Rac8 16. Qb3 Ne5 17. Bxb6 axb6 18. Rac1 Ra8 19. Qc3 Qf6 20. Nc4 Nxc4 21. Qxf6 gxf6 22. Rxc4 Ba4 23. Rdc1 Bb5 24. Rd4 Kf8 25. Rc3 Ke7 26. Bf1 Bc6 27. Nd2 Be5 28. Rxd8 Rxd8 29. Rd3 Ra8 30. f3 Bb5 31. Rb3 Bd4+ 32. Kg2 Ba4 33. Rd3 e5 34. Nc4 Bb5 35. Rd1 Bxc4 36. Bxc4 Rxa3 37. Bd5 Rc3 38. Bxb7 Rc2+ 39. Kh3 Rb2 40. Rc1 h5 41. Bd5 Be3 42. Rc7+ Kd8 43. Rc1 Bxc1 0-1

[Event "HUN-ch rapid"]
[Site "Ajka"]
[Date "2019.07.19"]
[Round "4"]
[White "Csiszar, Csaba"]
[Black "Papp, Gabor"]
[Result "0-1"]
[WhiteElo "2432"]
[BlackElo "2587"]
[PlyCount "94"]
[EventDate "2019.07.19"]
[EventType "swiss (rapid)"]
[EventRounds "13"]
[EventCountry "HUN"]
[SourceTitle "CBM 191 Extra"]
[Source "ChessBase"]
[SourceDate "2019.09.30"]
[SourceVersion "1"]
[SourceVersionDate "2019.09.30"]
[SourceQuality "1"]

1. d4 Nf6 2. Nf3 e6 3. e3 b6 4. Bd3 Bb7 5. 0-0 d5 6. b3 Bd6 7. Bb2 0-0 8. Nbd2 Nbd7 9. Ne5 c5 10. f4 Rc8 11. Qe2 Qe7 12. a3 Rc7 13. c3 Rfc8 14. b4 Ne4 15. Bxe4 dxe4 16. Nxd7 Qxd7 17. dxc5 bxc5 18. Rfd1 c4 19. a4 Bd5 20. b5 Qe7 21. Nb1 Qf6 22. Ba3 Bxa3 23. Rxa3 Rc5 24. Qb2 e5 25. fxe5 Qxe5 26. Rd4 Rb8 27. Nd2 Qg5 28. Nf1 a6 29. Qb4 Be6 30. Ra2 h5 31. Rf2 h4 32. Rd6 axb5 33. a5 Rf5 34. Rdd2 h3 35. Rxf5 Qxf5 36. Qd6 Ra8 37. a6 hxg2 38. Rxg2 Qd5 39. Qg3 g6 40. Ra2 b4 41. cxb4 c3 42. Ra5 Qd1 43. a7 c2 44. Qb8+ Kh7 45. Rc5 Bh3 46. Kf2 Qxf1+ 47. Kg3 Qf3+ 0-1

[Event "HUN-chT2 Charousek 1819"]
[Site "Hungary"]
[Date "2018.10.28"]
[Round "3.1"]
[White "Csiszar, Csaba"]
[Black "Nguyen, Van Thanh"]
[Result "1/2-1/2"]
[WhiteElo "2431"]
[BlackElo "2366"]
[PlyCount "32"]
[EventDate "2018.09.23"]
[EventType "team-tourn"]
[EventRounds "11"]
[EventCountry "HUN"]
[SourceTitle "CBM 189 Extra"]
[Source "ChessBase"]
[SourceDate "2019.06.03"]
[SourceVersion "1"]
[SourceVersionDate "2019.06.03"]
[SourceQuality "1"]
[WhiteTeam "Komlo Banyasz"]
[BlackTeam "Budapest HASE"]
[WhiteTeamCountry "HUN"]
[BlackTeamCountry "HUN"]

1. d4 d5 2. Nf3 Nf6 3. Bf4 c5 4. e3 Nc6 5. Nbd2 cxd4 6. exd4 Bg4 7. c3 e6 8. Qa4 Bd6 9. Ne5 0-0 10. Bb5 Nb8 11. 0-0 Bf5 12. c4 dxc4 13. Ndxc4 Be7 14. Ne3 Be4 15. f3 Bd5 16. Rfd1 a6 1/2-1/2

[Event "HUN-ch rapid"]
[Site "Ajka"]
[Date "2018.07.21"]
[Round "7"]
[White "Csiszar, Csaba"]
[Black "Seres, Bela"]
[Result "0-1"]
[WhiteElo "2431"]
[BlackElo "2212"]
[PlyCount "110"]
[EventDate "2018.07.20"]
[EventType "swiss (rapid)"]
[EventRounds "13"]
[EventCountry "HUN"]
[SourceTitle "CBM 185 Extra"]
[Source "ChessBase"]
[SourceDate "2018.07.29"]
[SourceVersion "1"]
[SourceVersionDate "2018.07.29"]
[SourceQuality "1"]

1. d4 Nf6 2. Nf3 e6 3. e3 b6 4. Bd3 Bb7 5. 0-0 Ne4 6. c4 f5 7. Ne5 g6 8. f3 Nf6 9. Be2 d6 10. Qa4+ Nbd7 11. Nc6 Bxc6 12. Qxc6 Be7 13. Nc3 a6 14. Bd2 0-0 15. f4 Ra7 16. Bf3 Nb8 17. Qa4 Qd7 18. Qc2 c6 19. b4 d5 20. c5 b5 21. a4 Qb7 22. Ra3 Qc7 23. Rfa1 Rb7 24. axb5 axb5 25. Be1 Kg7 26. h3 Nbd7 27. Kh1 h5 28. Kg1 Rh8 29. g3 Kf7 30. R1a2 Rg8 31. Qe2 Ne4 32. Nxe4 dxe4 33. Bg2 Nf6 34. Bf1 Nd5 35. Kh1 Rh8 36. Qb2 g5 37. fxg5 Bxg5 38. Qf2 Nf6 39. Bg2 Ke7 40. Ra1 Nd5 41. Bd2 Bf6 42. Rf1 Ra7 43. Rfa1 Rha8 44. Ra5 Rxa5 45. bxa5 Ra6 46. Be1 b4 47. Qe2 Rxa5 48. Rc1 Qa7 49. Qxh5 Kd7 50. g4 Ra1 51. g5 Rxc1 52. gxf6 Rxe1+ 53. Bf1 Rxf1+ 54. Kg2 Nxe3+ 55. Kg3 Qc7+ 0-1

[Event "HUN-ch rapid"]
[Site "Ajka"]
[Date "2018.07.21"]
[Round "6"]
[White "Czupor, Attila"]
[Black "Csiszar, Csaba"]
[Result "1/2-1/2"]
[WhiteElo "2223"]
[BlackElo "2431"]
[PlyCount "105"]
[EventDate "2018.07.20"]
[EventType "swiss (rapid)"]
[EventRounds "13"]
[EventCountry "HUN"]
[SourceTitle "CBM 185 Extra"]
[Source "ChessBase"]
[SourceDate "2018.07.29"]
[SourceVersion "1"]
[SourceVersionDate "2018.07.29"]
[SourceQuality "1"]

1. e4 c5 2. Nf3 Nc6 3. d4 cxd4 4. Nxd4 e5 5. Nb5 d6 6. c4 Be7 7. g3 f5 8. Nd2 Nf6 9. Bg2 f4 10. Nb3 Bg4 11. f3 Be6 12. c5 dxc5 13. Qxd8+ Kxd8 14. gxf4 c4 15. fxe5 Nxe5 16. N3d4 Nd3+ 17. Ke2 Bf7 18. Be3 a6 19. Nc3 Nh5 20. Rhd1 Kc7 21. Rxd3 cxd3+ 22. Kxd3 Rad8 23. f4 Bc5 24. Nce2 Kb8 25. b3 Nf6 26. Rc1 Ba7 27. Kd2 Bg6 28. f5 Bh5 29. Rc4 b5 30. Bf4+ Ka8 31. e5+ Nd5 32. Rc7 Bb6 33. Rxg7 Kb8 34. Nc6+ Kc8 35. Nxd8 Rxd8 36. Bg3 Nf4+ 37. Kc2 Nxe2 38. Bb7+ Kb8 39. e6+ Nxg3 40. hxg3 Bc7 41. Bxa6 Be2 42. a4 Bd3+ 43. Kc1 Bxf5 44. e7 Rh8 45. Bxb5 Bg6 46. Rxg6 hxg6 47. e8Q+ Rxe8 48. Bxe8 Bxg3 49. Kd1 Ka7 50. Bxg6 Be1 51. Kc2 Kb6 52. Kd3 Ka5 53. Kc4 1/2-1/2

[Event "HUN-ch rapid"]
[Site "Ajka"]
[Date "2018.07.20"]
[Round "4"]
[White "Erdos, Viktor"]
[Black "Csiszar, Csaba"]
[Result "1-0"]
[WhiteElo "2619"]
[BlackElo "2431"]
[PlyCount "97"]
[EventDate "2018.07.20"]
[EventType "swiss (rapid)"]
[EventRounds "13"]
[EventCountry "HUN"]
[SourceTitle "CBM 185 Extra"]
[Source "ChessBase"]
[SourceDate "2018.07.29"]
[SourceVersion "1"]
[SourceVersionDate "2018.07.29"]
[SourceQuality "1"]

1. Nf3 c5 2. c4 Nc6 3. Nc3 e5 4. e3 f5 5. d4 e4 6. d5 exf3 7. dxc6 dxc6 8. Qxd8+ Kxd8 9. gxf3 Nf6 10. b3 g6 11. Bb2 Bg7 12. 0-0-0+ Ke7 13. Ne2 Be6 14. Nf4 Rhd8 15. Bg2 Bf7 16. Nd3 b6 17. f4 Rac8 18. Ne5 Rxd1+ 19. Rxd1 Be8 20. Kc2 Ke6 21. Nf3 Ke7 22. Ng5 h6 23. Nf3 Rd8 24. Rg1 Kf8 25. Ne5 Ng4 26. Nxg4 Bxb2 27. Ne5 Bxe5 28. fxe5 g5 29. f4 gxf4 30. exf4 Rd4 31. Rf1 Ke7 32. Rf2 b5 33. Bf1 a6 34. Bd3 Bd7 35. Kd2 Be6 36. Ke3 Kf7 37. Rc2 b4 38. a3 Rd8 39. Ra2 Rb8 40. axb4 Rxb4 41. Bc2 Rb6 42. Ra5 Ke7 43. Rxc5 Kd7 44. Ra5 Kc7 45. Kd4 Rb8 46. Kc5 Rg8 47. Rxa6 Bd7 48. Ra7+ Kd8 49. Ra8+ 1-0

[Event "HUN-chT2 Charousek 1718"]
[Site "Hungary"]
[Date "2017.12.03"]
[Round "3.1"]
[White "Fancsy, Imre"]
[Black "Csiszar, Csaba"]
[Result "1/2-1/2"]
[WhiteElo "2379"]
[BlackElo "2425"]
[PlyCount "43"]
[EventDate "2017.10.29"]
[EventType "team-tourn"]
[EventRounds "9"]
[EventCountry "HUN"]
[SourceTitle "EXT 2020"]
[Source "ChessBase"]
[SourceDate "2019.10.17"]
[SourceVersion "1"]
[SourceVersionDate "2019.10.17"]
[SourceQuality "1"]
[WhiteTeam "Balatonfuered"]
[BlackTeam "Komlo Banyasz"]
[WhiteTeamCountry "HUN"]
[BlackTeamCountry "HUN"]

1. d4 Nf6 2. c4 e6 3. Nf3 d5 4. Nc3 Be7 5. Bf4 0-0 6. e3 c6 7. h3 Nbd7 8. c5 b6 9. b4 a5 10. a3 Ba6 11. Bxa6 Rxa6 12. 0-0 Qa8 13. Rb1 axb4 14. axb4 Qb7 15. Qc2 Rfa8 16. Ne1 b5 17. Nd3 Bd8 18. Nc1 Bc7 19. Bxc7 Qxc7 20. Nb3 e5 21. Qb2 g6 22. Ra1 1/2-1/2

[Event "HUN-chT2 Charousek 1415"]
[Site "Hungary"]
[Date "2015.02.08"]
[Round "6"]
[White "Istvandi, Lajos"]
[Black "Csiszar, Csaba"]
[Result "0-1"]
[WhiteElo "2317"]
[BlackElo "2431"]
[PlyCount "78"]
[EventDate "2014.10.12"]
[EventType "team-tourn"]
[EventRounds "9"]
[EventCountry "HUN"]
[SourceTitle "EXT 2016"]
[Source "ChessBase"]
[SourceDate "2015.10.08"]
[SourceVersion "1"]
[SourceVersionDate "2015.10.08"]
[SourceQuality "1"]
[WhiteTeam "Tapolca"]
[BlackTeam "Komlo"]
[WhiteTeamCountry "HUN"]
[BlackTeamCountry "HUN"]

1. Nf3 c5 2. g3 Nc6 3. d4 e6 4. Bg2 Nf6 5. 0-0 Qb6 6. dxc5 Bxc5 7. Nc3 Be7 8. Na4 Qa6 9. b3 d5 10. Be3 b5 11. Nc5 Qa5 12. Nd3 b4 13. Nd4 Nxd4 14. Bxd4 0-0 15. Qd2 Ne4 16. Qe3 Bb7 17. f3 Bg5 18. f4 Be7 19. Nf2 Nd6 20. Bh3 Nb5 21. Nd3 Nxd4 22. Qxd4 Ba6 23. Rac1 Bxd3 24. Qxd3 Rac8 25. f5 Rc3 26. Qd2 Bc5+ 27. Kh1 Be3 28. Qd1 e5 29. f6 g6 30. Bg2 e4 31. Bh3 Re8 32. Ra1 Qc5 33. a4 bxa3 34. b4 Qc6 35. Rb1 Rb8 36. b5 Qc5 37. Bd7 Rxc2 38. Bc6 a2 39. Ra1 Rd8 0-1

[Event "HUN-chT2 Charousek 1314"]
[Site "Hungary"]
[Date "2014.04.27"]
[Round "11"]
[White "Videki, Sandor"]
[Black "Csiszar, Csaba"]
[Result "0-1"]
[WhiteElo "2436"]
[BlackElo "2428"]
[PlyCount "66"]
[EventDate "2013.09.08"]
[EventType "team-tourn"]
[EventRounds "11"]
[EventCountry "HUN"]
[SourceTitle "EXT 2016"]
[Source "ChessBase"]
[SourceDate "2015.10.08"]
[SourceVersion "1"]
[SourceVersionDate "2015.10.08"]
[SourceQuality "1"]
[WhiteTeam "Paks ASE II"]
[BlackTeam "Komlo Banyasz"]
[WhiteTeamCountry "HUN"]
[BlackTeamCountry "HUN"]

1. c4 e6 2. Nc3 d5 3. d4 Bb4 4. cxd5 exd5 5. a3 Bxc3+ 6. bxc3 c5 7. e3 Nf6 8. Bd3 Qc7 9. Ne2 0-0 10. 0-0 Re8 11. f3 Nc6 12. Ra2 Be6 13. Ng3 Rad8 14. Re2 Qa5 15. Bb2 b5 16. Qa1 Qb6 17. Rb1 Na5 18. Bc1 a6 19. a4 c4 20. Bc2 Ra8 21. Ba3 Reb8 22. e4 dxe4 23. fxe4 Nb3 24. Qb2 bxa4 25. Kh1 Qd8 26. Qa2 Ng4 27. Nf5 Bxf5 28. exf5 Qc7 29. g3 Qc6+ 30. Kg1 Re8 31. Rbe1 Rxe2 32. Rxe2 Re8 33. Bd1 Ne3 0-1

[Event "HUN-chT2 Charousek 1314"]
[Site "Hungary"]
[Date "2014.03.23"]
[Round "9"]
[White "Trbojevic, Mladen"]
[Black "Csiszar, Csaba"]
[Result "1-0"]
[WhiteElo "2358"]
[BlackElo "2428"]
[PlyCount "85"]
[EventDate "2013.09.08"]
[EventType "team-tourn"]
[EventRounds "11"]
[EventCountry "HUN"]
[SourceTitle "EXT 2016"]
[Source "ChessBase"]
[SourceDate "2015.10.08"]
[SourceVersion "1"]
[SourceVersionDate "2015.10.08"]
[SourceQuality "1"]
[WhiteTeam "Szombathely Haladas II"]
[BlackTeam "Komlo Banyasz"]
[WhiteTeamCountry "HUN"]
[BlackTeamCountry "HUN"]

1. e4 c5 2. c3 Nf6 3. e5 Nd5 4. Nf3 e6 5. Bc4 d6 6. d4 cxd4 7. cxd4 Bd7 8. Bxd5 exd5 9. Nc3 Nc6 10. 0-0 Be6 11. Re1 dxe5 12. Nxe5 Nxe5 13. dxe5 Qd7 14. Qf3 Bb4 15. Qg3 0-0 16. Bg5 Kh8 17. Rad1 Qc6 18. Rd4 Bc5 19. Rh4 Bf5 20. Qf3 Qg6 21. Qf4 d4 22. Nd5 Rfc8 23. Qg3 Qc6 24. Nf6 Bb4 25. Rf1 Qc2 26. Rxd4 Bf8 27. Rd2 Qc4 28. b3 Qb4 29. Nd5 Qa5 30. Qf4 Be6 31. Qe4 Rc6 32. Rfd1 Re8 33. h3 Kg8 34. a4 Rc5 35. Be3 Rc6 36. Rd3 Bxd5 37. Rxd5 Qc3 38. R1d3 Qe1+ 39. Kh2 Rc1 40. Rd8 Qg1+ 41. Kg3 Rxd8 42. Rxd8 Qe1 43. Qd4 1-0

[Event "HUN-chT2 Charousek 1314"]
[Site "Hungary"]
[Date "2014.02.16"]
[Round "7"]
[White "Istvandi, Lajos"]
[Black "Csiszar, Csaba"]
[Result "1-0"]
[WhiteElo "2313"]
[BlackElo "2428"]
[PlyCount "75"]
[EventDate "2013.09.08"]
[EventType "team-tourn"]
[EventRounds "11"]
[EventCountry "HUN"]
[SourceTitle "EXT 2016"]
[Source "ChessBase"]
[SourceDate "2015.10.08"]
[SourceVersion "1"]
[SourceVersionDate "2015.10.08"]
[SourceQuality "1"]
[WhiteTeam "Tapolca"]
[BlackTeam "Komlo Banyasz"]
[WhiteTeamCountry "HUN"]
[BlackTeamCountry "HUN"]

1. d4 Nf6 2. Nf3 e6 3. Bg5 c5 4. e3 Be7 5. c3 b6 6. Bd3 Ba6 7. Bxa6 Nxa6 8. Qe2 Nc7 9. Nbd2 h6 10. Bxf6 Bxf6 11. Ne4 Be7 12. Ne5 cxd4 13. exd4 0-0 14. 0-0 Qe8 15. f4 d6 16. Nd3 g6 17. g4 f5 18. Ng3 Qf7 19. Rae1 Rfe8 20. Kh1 Kh7 21. Rg1 Bh4 22. Rg2 b5 23. Reg1 Nd5 24. Qf3 Rg8 25. Nf1 fxg4 26. Rxg4 Be7 27. Ne3 Nxe3 28. Qxe3 Qf5 29. Nf2 Raf8 30. Re1 h5 31. Rg2 Bh4 32. Qxe6 Qxf4 33. Nh3 Qf3 34. Re3 Qb7 35. Qe4 Rf1+ 36. Rg1 Qxe4+ 37. Rxe4 Rxg1+ 38. Kxg1 1-0

[Event "HUN-chT2 Asztalos 1213"]
[Site "Hungary"]
[Date "2013.03.03"]
[Round "8.1"]
[White "Boros, Koppany"]
[Black "Csiszar, Csaba"]
[Result "0-1"]
[WhiteElo "2154"]
[BlackElo "2405"]
[PlyCount "36"]
[EventDate "2012.09.16"]
[EventType "team-tourn"]
[EventRounds "9"]
[EventCountry "HUN"]
[SourceTitle "EXT 2014"]
[Source "ChessBase"]
[SourceDate "2013.11.20"]
[SourceVersion "1"]
[SourceVersionDate "2013.11.20"]
[SourceQuality "1"]
[WhiteTeam "Szentlorinc"]
[BlackTeam "Komlo"]
[WhiteTeamCountry "HUN"]
[BlackTeamCountry "HUN"]

1. e4 c5 2. Nf3 Nc6 3. Bb5 d6 4. 0-0 Bd7 5. d3 g6 6. Nc3 Bg7 7. Be3 Nf6 8. e5 Ng4 9. exd6 Nxe3 10. fxe3 exd6 11. Bc4 0-0 12. Ne4 Bf5 13. Ng3 Bc8 14. e4 Bxb2 15. Rb1 Bg7 16. h4 Ne5 17. Bd5 Nxf3+ 18. Qxf3 Bd4+ 0-1

[Event "HUN-chT2 Asztalos 1213"]
[Site "Hungary"]
[Date "2012.11.18"]
[Round "4.1"]
[White "Katona, Ferenc"]
[Black "Csiszar, Csaba"]
[Result "0-1"]
[WhiteElo "2255"]
[BlackElo "2405"]
[PlyCount "92"]
[EventDate "2012.09.16"]
[EventType "team-tourn"]
[EventRounds "9"]
[EventCountry "HUN"]
[SourceTitle "EXT 2014"]
[Source "ChessBase"]
[SourceDate "2013.11.20"]
[SourceVersion "1"]
[SourceVersionDate "2013.11.20"]
[SourceQuality "1"]
[WhiteTeam "Dunaujvaros"]
[BlackTeam "Komlo"]
[WhiteTeamCountry "HUN"]
[BlackTeamCountry "HUN"]

1. d4 Nf6 2. f4 c5 3. e3 e6 4. Nf3 b6 5. c3 Be7 6. Bd3 Ba6 7. 0-0 0-0 8. Bxa6 Nxa6 9. Qe2 Qc8 10. Nbd2 Qb7 11. h3 Rac8 12. Kh2 b5 13. a3 Rfe8 14. Ne5 d6 15. Ng4 Nxg4+ 16. Qxg4 f5 17. Qf3 d5 18. Qe2 Nb8 19. Nf3 Nd7 20. Bd2 Nf6 21. Be1 Ne4 22. Nd2 Nd6 23. dxc5 Rxc5 24. Nb3 Rc7 25. g4 g6 26. Rg1 Bf6 27. Rd1 a6 28. Rg2 Kh8 29. Qf3 Rf7 30. g5 Bg7 31. h4 Kg8 32. Bg3 Nc4 33. Re2 a5 34. Be1 Rc7 35. Qf2 Qb6 36. Nd4 e5 37. Nf3 Rce7 38. b3 Nxa3 39. Rxd5 exf4 40. Nd4 fxe3 41. Qf3 b4 42. Nc2 Nxc2 43. Rxc2 bxc3 44. Qe2 Qxb3 45. Rxa5 f4 46. Rb5 Qa4 0-1